Groupes de Pays #2 - Statistiques

Statistiques générales
  • Ce quiz a été pris 189 fois
  • Le résultat moyen est 13 sur 22
Statistiques - réponses
Hint Réponse % Correct
TÜRKSOY (Organisation internationale pour la culture turque) Turquie
98%
Benelux Belgique
94%
Benelux Luxembourg
94%
Benelux Pays-Bas
91%
Ligue balkanique (1912-13) Grèce
74%
Ligue balkanique (1912-13) Serbie
73%
ANZUS États-Unis
66%
Ligue balkanique (1912-13) Bulgarie
65%
Ligue balkanique (1912-13) Monténégro
58%
TÜRKSOY (Organisation internationale pour la culture turque) Azerbaïdjan
56%
TÜRKSOY (Organisation internationale pour la culture turque) Turkménistan
56%
ANZUS Australie
53%
Coalition pour un nouvel agenda Nouvelle-Zélande
52%
ANZUS Nouvelle-Zélande
52%
TÜRKSOY (Organisation internationale pour la culture turque) Ouzbékistan
52%
TÜRKSOY (Organisation internationale pour la culture turque) Kazakhstan
51%
Coalition pour un nouvel agenda Brésil
44%
Coalition pour un nouvel agenda Mexique
43%
TÜRKSOY (Organisation internationale pour la culture turque) Kirghizistan
36%
Coalition pour un nouvel agenda Afrique du Sud
33%
Coalition pour un nouvel agenda Égypte
29%
Coalition pour un nouvel agenda Irlande
9%
Aucun quiz correspondant
Distribution des résultats
% des personnes avec chaque résultat
Percentile par nombre de réponses
Votre historique - résultats
Vous n’avez pas pris ce quiz